000 00929cam a2200289 a 4500
001 1392219
003 ARRUPE
005 20211019101732.0
008 820406s1981 enk b 001 0 eng
010 _a 82118394
015 _aGB***
020 _a019875051X (pbk.) :
_c£3.50
040 _aDLC
_cDLC
_dDLC
050 0 0 _aQ175
_b.S4237
082 0 0 _a501
_219
245 0 0 _aScientific revolutions /
_cedited by Ian Hacking.
260 _aOxford [Oxfordshire] ;
_aNew York :
_bOxford University Press,
_c1981.
300 _a180 p. ;
_c21 cm.
440 0 _aOxford readings in philosophy
_913542
500 _aIncludes index.
504 _aBibliography: p. [169]-176.
650 0 _aScience
_xPhilosophy.
700 1 _aHacking, Ian.
_99944
856 4 2 _3Publisher description
_uhttp://www.loc.gov/catdir/enhancements/fy0603/82118394-d.html
906 _a7
_bcbc
_corignew
_d2
_encip
_f19
_gy-gencatlg
942 _2lcc
_cMONOGRAPH
999 _c130926
_d130926